| 000 | 00622nam a2200193 a 4500 | ||
|---|---|---|---|
| 001 | 000010194 | ||
| 005 | 20240228130357.0 | ||
| 008 | 091005s1997 dr 000 p spa d | ||
| 040 |
_aDO-SdBNP _bspa _cBNPHU |
||
| 082 |
_aRD861.44 _bS633s |
||
| 100 | 1 |
_aGómez Rosa, Alexis, _d1950- _923501 |
|
| 245 | 1 | 0 |
_aSelf service poems / _cAlexis Gómez Rosa. |
| 260 |
_aSanto Domingo : _bCasa de Teatro, _c1997. |
||
| 300 |
_a89 p. ; _c16 cm. |
||
| 500 | _aAhora disponible en su versión castellana | ||
| 586 | _aPremio Poesía Casa de Teatro 1996 | ||
| 590 | _aInventariado, 2019 / DG | ||
| 910 | _aValidado. Control de calidad MFF | ||
| 999 |
_c9953 _d9953 |
||